Методика расчета контактного взаимодействия, прочности и деформационных характеристик цилиндрических пружин малых индексов при их изготовлении: заключительный отчет о НИР; тема: х/д 4-18/85; Иследование и разработка инструкций по контролю степени защищенности от подземной коррозии магистральных трубопроводов

Dettagli Bibliografici
Ente Autore: Томский политехнический институт (ТПИ) (595)
Altri autori: Куприянов Н. А. Николай Амвросьевич (руководитель), Дашанимаев Д. М. (исполнитель)
Lingua:russo
Pubblicazione: Томск, 1986
Copublished:Томский политехнический институт (ТПИ) ; руководитель Ю. А. Иванов ; В. И. Хижняков. Иследование и разработка инструкций по контролю степени защищенности от подземной коррозии магистральных трубопроводов
Soggetti:
Natura: MixedMaterials Libro
KOHA link:https://koha.lib.tpu.ru/cgi-bin/koha/opac-detail.pl?biblionumber=154091

MARC

LEADER 00000nbm0a2200000 4500
001 154091
005 20240109151209.0
029 0 0 |a SU  |b 0185.0083188  |f ТПУ 
035 |a (RuTPU)RU\TPU\book\167146 
090 |a 154091 
100 |a 20090220d1986 k y0rusy50 ca 
101 0 |a rus 
102 |a RU 
105 |a a p 001zy 
200 1 |a Методика расчета контактного взаимодействия, прочности и деформационных характеристик цилиндрических пружин малых индексов при их изготовлении  |e заключительный отчет о НИР  |e тема: х/д 4-18/85  |f Томский политехнический институт (ТПИ) ; руководитель Н. А. Куприянов ; Д. М. Дашанимаев 
210 |a Томск  |d 1986 
215 |a 24 л. 
320 |a Библиогр:. с. 24. 
423 |t Иследование и разработка инструкций по контролю степени защищенности от подземной коррозии магистральных трубопроводов  |o Заключительный отчет о НИР  |o Тема: х/д 5-78/81  |f Томский политехнический институт (ТПИ) ; руководитель Ю. А. Иванов ; В. И. Хижняков  |p 22 л. 
610 1 |a отчеты о НИР 
610 1 |a прочность 
610 1 |a деформация 
610 1 |a контактное взаимодействие 
610 1 |a малые индексы 
610 1 |a цилиндрические пружины 
610 1 |a формообразование 
610 1 |a коррозия 
610 1 |a стальные трубопроводы 
610 1 |a полевые полярографы 
610 1 |a почвенные зонды 
610 1 |a анализаторы 
675 |a 621.888(04)  |v 3 
702 1 |a Куприянов  |b Н. А.  |c специалист в области материаловедения  |c доцент Томского политехнического университета, кандидат технических наук  |f 1951-  |g Николай Амвросьевич  |3 (RuTPU)RU\TPU\pers\24228  |4 673  |9 10715 
702 1 |a Дашанимаев  |b Д. М.  |4 677 
712 0 2 |a Томский политехнический институт (ТПИ)  |c (1944-1991)  |3 (RuTPU)RU\TPU\col\1123  |4 595 
801 1 |a RU  |b 63413507  |c 20090220  |g PSBO 
801 2 |a RU  |b 63413507  |c 20160924  |g PSBO 
942 |c BK